1242 1702 1960 1067 1055 1975 1663 1021 1730 1157 1557 1990 1819 1404 1417 1560 1801 1333 1762 1573 1307 1055 1686 2000 1568 1173 1989 1385 1508 1988 1049 1585 1810 1611 1320 1389 1731 1596 1521 1831 1752 1215 1166 1549 1389 1599 1083 1289 1103 1465 1083 1049 1298 1230 1241 1909 1064 1735 1724 1905 1819 1552 1689 1797 1742 1215 1116 1640 1911 1234 1931 1146 1266 1226 1163 1103 1635 1885 1498 1116 1944 1065 1596 1474 1577 1660 1851 1503 1686 1107 1861 1831 1867 1820 1397 1604 1267 1400 1376 BCNSPRNW ULIB Ver.6.0+V

เปลี่ยนเป็นภาษาไทย

Change to English
 แสดงรายละเอียดบรรณานุกรม
  กลับหน้าหลัก

Brief Record : Get Marc (ISO 2709) : E-mail record : QR code < ปิดหน้าต่าง
LEADER : 00000nam 2200000uu 4500
001    13399111995
003     ULIB
008    110719s2550||||th 000 0 tha d
020    9747503197
024    9789747503197
090    นว.^bส731ร 2550
100 0   สิรินดา&วิลีวิไล
245 00  รักเธอ..Super Model/^cสิรินดา&วิลีวิไล
250     พิมพ์ครั้งที่ 2
260     กรุงเทพฯ :^bแจ่มใส,^c2550
300     231 หน้า
945    ^p169^l0^i021047
995     เกษร
999     ^aใช้งานได้ทุกระบบ
รายการนี้ยังไม่มีแท็ก
คุณยังไม่ได้ล็อกอิน คุณสามารถมีกิจกรรมร่วมกับเว็บไซต์ได้ แต่ต้องล็อกอินก่อน ::
  ล็อกอิน

รายการสื่อสารสนเทศ

ลำดับที่ ประเภท เลขเรียก/บาร์โค้ด สถานที่ สถานะ
1. นวนิยาย
นวนิยาย
นว. ส731ร 2550  
  Barcode: 021047
ห้องสมุดวิทยาเขตสวรรค์ประชารักษ์
►นวนิยาย
บนชั้น
  ขอยืม

BibComment


ยังไม่เคยถูกคอมเมนท์

คอมเมนท์ทรัพยากรรายการนี้
  คอมเมนท์: รักเธอSuper Mode..


 Copyright 2026. Bcnsprnw @Library